Statistics for The Tower #1

Click here to take the quiz!

General Stats

  • This quiz has been taken 16 times
    (5 since last reset)
  • The average score is 101 of 163

Answer Stats

QuestionAnswer% Correct
Counting 0 as the first number, what is the eighth number in a Fibonacci Sequence?13
100%
How many answers does the "Countries of the World" quiz have?196
100%
What is 84 minus 31?53
100%
What is the capital of that country?Abu Dhabi
100%
What is the capital of Turkmenistan?Ashgabat
100%
Adaptive text-generating AI developed by OpenAI and released in December 2022,
and has quickly grown to be very popular worldwide.
ChatGPT
100%
The official name of North Korea (type the
full name, not just the acronym)
Democratic People's Republic of Korea
100%
What city is the Burj Khalifa in?Dubai
100%
What content is Iceland considered to be a part of?Europe
100%
True or False: the Daytona 500 NASCAR race is the most-watched event annually in the US.False
100%
True or False: JetPunk recognizes Greenland as an independent countryFalse
100%
True or False: Cyprus will someday be classified as a European country on JetPunk.False
100%
True or False: The capital of New Zealand is AucklandFalse
100%
True or False: JetPunk recognizes Puerto Rico as an independent countryFalse
100%
True or False: humans can, over time, regenerate eyes and ocular tissue.False
100%
True or False: JetPunk recognizes Palestine as an independent countryFalse
100%
Four-letter country in OceaniaFiji
100%
Are pearls considered gemstones, rocks, or minerals?Gemstones
100%
What is the capital of Finland?Helsinki
100%
US "I" states 2: Which state is known for growing potatoes?Idaho
100%
US "I" states 4: Which state's NBA team is the Pacers?Indiana
100%
US "I" states 3: Which state is only four letters?Iowa
100%
Saddam Hussein was the ruler of this countryIraq
100%
Country whose only land border is with the UKIreland
100%
Largest city in Turkey by populationIstanbul
100%
Caribbean island nation, starts with JJamaica
100%
Name a country with no land borders (excluding Bahrain and Singapore for complicated reasons)Japan | Taiwan | Cyprus | Madagascar | São Tomé and Príncipe | Cape Verde | Malta | Iceland | Jamaica | Cuba | St. Kitts and Nevis | St. Lucia | St. Vincent and the Grenadines | Comoros | Seychelles | Maldives | Sri Lanka | Mauritius | Australia | New Zealand | F. S. of Micronesia | Palau | Nauru | Tuvalu | Tonga | Samoa | Solomon Islands | Vanuatu | Marshall Islands | Kiribati | Fiji | Antigua and Barbuda | Grenada | Dominica | Philippines | Trinidad and Tobago
100%
Megacity in the D.R.C.Kinshasa
100%
Predominant Christian denomination in UtahLatter-day Saints
100%
Founded in Billund, Denmark, this is a toy
where you interlock multicolored plastic bricks
Lego
100%
Country whose only land border is with South AfricaLesotho
100%
Which country is smaller by land area: Luxembourg or Liechtenstein?Liechtenstein
100%
What game beat out Tetris as the most-sold video game of all time?Minecraft
100%
If you are a Kiwi, what country are you from?New Zealand
100%
What continent is Greenland considered to be a part of (geographically)?North America
100%
Second largest city in Japan by populationOsaka
100%
Country whose only land border is with SpainPortugal
100%
Country whose only land border is with Italy, and does
not contain the letter V in its name
San Marino
100%
Name one of the five countries that formerly
made up Yugoslavia
Serbia | Bosnia and Herzegovina | Croatia | Kosovo | North Macedonia
100%
Capital of TaiwanTaipei
100%
True or False: JetPunk recognizes Kosovo as an independent countryTrue
100%
True or False: the capital of Colorado is its largest city.True
100%
True or False: the official language of Equatorial Guinea is Spanish.True
100%
True or False: Hong Kong International Airport has the largest airport terminal in the worldTrue
100%
True or False: About 25% of Oregon is high desert landTrue
100%
True or False: JetPunk recognizes Taiwan as an independent countryTrue
100%
What is the national flower of the Netherlands?Tulip
100%
What country is that city in?United Arab Emirates
100%
How many numbers are in a standard American phone number? (discounting the +1 you technically dial at the beginning)10
67%
How many European countries end in IA? (To eliminate confusion, the Czech Republic and Bosnia will not count here)12
67%
What is 237 minus 109?128
67%
In what year was Hiroshima bombed?1945
67%
How many U.S. states have a capital city ending in "-apolis"? (The capital of Minnesota is Saint Paul, not Minneapolis)2
67%
In what year was the iPhone 3GS released?2009
67%
How many presidents did the Republic of Texas have? (One served two terms, he only counts as one president)4
67%
Capital of New York stateAlbany
67%
Which country is landlocked by Spain and France?Andorra
67%
At roughly 2678 km (1644 mi) in length, what country shares the longest land border with the Democratic Republic of the Congo?Angola
67%
Canada's largest island by areaBaffin Island
67%
In what country is the city of Brussels located?Belgium
67%
Largest city in Montana by populationBillings
67%
Artist who wrote "We Didn't Start the Fire"Billy Joel
67%
Capital of MassachusettsBoston
67%
What country is Justin Trudeau the Prime Minister of?Canada
67%
What was the largest Native American tribe in North America before European colonization?Cherokee
67%
In what country is the city of Xi'an located?China
67%
What is the opposite of convex?Concave
67%
Which country is closer to Florida: the Bahamas or Cuba?Cuba
67%
What is 2 cubed?
8
67%
Fill in the blank: "Ask not what your country can __ ___ ___, but what you can __ ___ ___(r) country."do for you
67%
What country was formerly known as Swaziland?Eswatini
67%
Google Sheets is to Google as _____ is to MicrosoftExcel
67%
True or False: this symbol: "£" is the symbol for the Euro.False
67%
What country is Martinique an overseas region of?France
67%
Country whose only land border is with SenegalGambia
67%
What is the name of Calvin's tiger?Hobbes
67%
US "I" states 1: Which state's capital is Springfield?Illinois
67%
In what movie is the Empire State Building blown up by aliens?Independence Day
67%
President who the capital of Liberia is named afterJames Monroe
67%
In what country is the city of Nairobi located?Kenya
67%
Name either of the two OFFICIAL languages of Madagascar.Malagasy | French
67%
Popular swimming pool game named after
a famed European explorer from 1300 AD
Marco Polo
67%
Name one of two of Minnesota's twin citiesMinneapolis | Saint Paul
67%
In what country is the city of Podgorica located?Montenegro
67%
If 9 + x = 4, what is x?Negative 5
67%
Capital of South DakotaPierre
67%
Name one of the countries that was part of the USSR before it collapsed.Russia | Ukraine | Moldova | Latvia | Lithuania | Estonia | Belarus | Kazakhstan | Armenia | Georgia | Azerbaijan | Kyrgyzstan | Tajikistan | Turkmenistan | Uzbekistan
67%
What company is South Korea's largest international company?Samsung Group
67%
Third largest city in California by populationSan Jose
67%
In what country is the city of Riyadh located?Saudi Arabia
67%
In what country is the city of Belgrade located?Serbia
67%
Largest city in South Dakota by populationSioux Falls
67%
Which country is larger by land area: Romania or South Sudan?South Sudan
67%
Name any of the six countries that once controlled the US state of TexasSpain | France | Republic of Texas | The Confederate States | The United States
67%
There are two European countries whose names start with SW. One is Switzerland. What is the other?Sweden
67%
What sport is played in the French Open?Tennis
67%
Where is Martinique?The Caribbean
67%
True or False: Bangkok, Thailand is a megacity.True
67%
True or False: a terrorist attack struck the North Tower of the World Trade Center in February 1993, but failed to collapse the building.True
67%
True or False: holding Shift with Caps Lock on will return lowercase letters.True
67%
Which bird is traditionally eaten during an American Thanksgiving feast?Turkey
67%
Which ancient Chinese dynasty did the Shang dynasty overthrow?Xia
67%
What platform was acquired by Google in October 2006?Youtube
67%
In what year did Voyager 2 launch?1977
33%
And how many represent New York?26
33%
How many inches is a meter?39
33%
What is the value of "Omega" in the Greek numeric system?800
33%
What is the highest possible credit score you can obtain (by general standards)?850
33%
What country was invaded by the Soviet Union in 1979?Afghanistan
33%
What is Boeing?Aircraft manufacturer
33%
What is the name of the famous prison on an island in San Francisco Bay?Alcatraz
33%
What is Geico?An insurance company
33%
The 18th element on the Periodic TableArgon
33%
What occupation does Jack McCoy fill on the show "Law and Order"?Assistant District Attorney
33%
What punctuation is placed when holding shift and pressing the 8 key on a standard US English keyboard?Asterisk
33%
The little boy who got stuck in the chocolate tube in "Charlie and the Chocolate Factory"Augustus Gloop
33%
In what country are these coordinates:
65°07'27"N 68°59'06"W
Canada
33%
Montreal's NHL teamCanadiens
33%
A deep fried burrito dish found in Tex-Mex
and other southwestern U.S. cuisine, according
to Wikipedia
Chimichanga
33%
What does "com" mean in a URL?Commercial
33%
Who wrote "The Star Spangled Banner"?Francis Scott Key
33%
Who invented the first electric toaster?Frank Shailor
33%
Mexican-American stand-up comedian, nicknamed "Fluffy"Gabriel Iglesias
33%
What does "gov" mean in a URL?Government
33%
What color square does the queen piece go on in chess?Her own color
33%
Name either one of the megacities in PakistanKarachi | Lahore
33%
"There is no sadder thing than a young pessimist‚ except an old optimist." Who said this?Mark Twain
33%
What do the letters "MS" stand for in "MSNBC"?Microsoft
33%
13th president of the USMillard Filmore
33%
What country has an AK-47 on its flag?Mozambique
33%
In what country is the city of Yangon located?Myanmar
33%
If 18/x = -6, what is x?Negative 3
33%
Which "Seinfeld" character is Jerry's archnemesis?Newman
33%
Computer company founded by Steve Jobs after he
left Apple in 1985. It ceased operations in 1997.
NeXT
33%
In what country do the movies "The Wave" and "The Quake" take place?Norway
33%
What does "org" mean in a URL?Organization
33%
Name of Shanghai's iconic red-globed broadcasting buildingOriental Pearl Tower
33%
Suffix meaning "fear"phob / phobia
33%
The "language" where the sounds of Chinese characters are converted into Roman characters with tone markingsPinyin
33%
What letter does 17 code for using an a1z26 cipher?Q
33%
Who was the director of both
"Knives Out" movies?
Rian Johnson
33%
2015 film starring Dwayne Johnson about a devastating California earthquakeSan Andreas
33%
If you go directly south from Nembe, Nigeria, what country will you reach first?São Tomé and Príncipe
33%
Law passed by the British Empire in 1833, outlawing
forced labor in all its colonies
Slavery Abolition Act
33%
What molecule is NaCl?Sodium chloride (Salt)
33%
In what country is the city of Daejeon located?South Korea
33%
Swanky hotel Kevin McCallister stayed at in Home Alone 2: Lost in New YorkThe Plaza Hotel
33%
Which of the Twin Towers collapsed first on 9/11?The South Tower
33%
What is cut after birth?The umbilical cord
33%
2016 Korean zombie movie starring Gong Yoo
and Ma Dong-Seok
Train to Busan
33%
Sloth is to sin as patience is to ______Virtue
33%
What state is Jackson Hole in?Wyoming
33%
What is the maximum number of representatives in the House of Representatives?435
0%
What is the name of the airplane used to transport the President of the US and his staff?Air Force One
0%
Name this piece of punctuation:
&
Ampersand
0%
What kind of military helicopters collided in mid-air over Kentucky on March 30th, killing 9?Black Hawk
0%
Who played Frasier Crane on "Frasier" and "Cheers"?Kelsey Grammar
0%
Where is Graceland?Memphis
0%
Who plays Cheyenne Lee on the TV show "Superstore"?Nichole Bloom
0%
What does the Mandarin Chinese phrase "谢谢 (xièxie)" mean in English?Thank you
0%
What German military transport ship was sunk by Soviet submarine S-13 on January 30, 1945?the MV Wilhelm Gustloff
0%
What author created the character Jack Ryan?Tom Clancy
0%
Who is on the US $50 bill?Ulysses Grant
0%

Score Distribution

Percentile by Number Answered

Percent of People with Each Score

Your Score History

You have not taken this quiz since the last reset